=LDR 00000nam 2200000 4500 =001 INLIS000000000019346 =005 20130612114422 =008 ***********************************Ind** =035 ##$$0010-061300000019346 =041 ##$$a Ind =082 ##$$a 005.369 =090 ##$$a 005.369, Mic m =245 ##$$a Microsoft project 2003 =260 ##$$a 2004 $b Yogyakarta =300 ##$$a x, 250 hlm, ilus, 23 cm =650 ##$$a Microfty Project 2003 (Program Komputer) =850 ##$$a NBPNMAT